|
|
|
|
| LEADER |
00000cam a2200000 4500 |
| 001 |
vtls011972894 |
| 003 |
SK-MaSNL |
| 005 |
20260425224233.0 |
| 008 |
250312s1974 xxua grin 000 0 eng |
| 015 |
|
|
|a SNBZSA2021/02
|
| 020 |
|
|
|a 0231030134
|q (viazané)
|
| 035 |
|
|
|a urn:nbn:sk:snk-am00fiqz
|
| 035 |
|
|
|a urn:nbn:sk:snk-am3iuo3
|
| 035 |
|
|
|a A89AC10E-E366-40D9-A0C8-7B7C74A7B6C1
|
| 040 |
|
|
|a SNK
|b slo
|c SNK
|e rda
|
| 041 |
1 |
|
|a eng
|h hun
|
| 043 |
|
|
|a ec-----
|a ee-----
|
| 044 |
|
|
|a xxu
|c US
|
| 072 |
|
7 |
|a 33
|x Ekonómia
|2 konspekt
|
| 072 |
|
7 |
|a 338.3/.4
|x Hospodárske a výrobné odvetvia
|2 konspekt
|
| 080 |
|
|
|a 330.3
|2 2011
|
| 080 |
|
|
|a 330.34
|2 2011
|
| 080 |
|
|
|a 338(091)
|2 2011
|
| 080 |
|
|
|a (4-191.2)
|2 2011
|
| 080 |
|
|
|a (4‑11)
|2 2011
|
| 080 |
|
|
|a (048.8)
|2 2011
|
| 100 |
1 |
|
|a Berend, Iván T.
|q (Iván Tibor),
|d 1930-
|4 aut
|9 300263
|
| 240 |
1 |
0 |
|a Közép-Kelet-Europa gazdasági fejlődése a XIX-XX. században
|l Anglicky
|
| 245 |
1 |
0 |
|a Economic development in East-Central Europe in the 19th and 20th Centuries
|c Iván T. Berend and György Ránki
|
| 264 |
|
1 |
|a New York
|a London
|b Columbia University Press
|c 1974
|
| 300 |
|
|
|a xiii, 402 strán
|b tabuľky
|c 24 cm
|
| 336 |
|
|
|a text
|b txt
|2 rdacontent
|
| 337 |
|
|
|a bez média
|b n
|2 rdamedia
|
| 338 |
|
|
|a zväzok
|b nc
|2 rdacarrier
|
| 500 |
|
|
|a Obsahuje zoznam tabuliek
|
| 500 |
|
|
|a Preložené z maďarského originálu z roku 1969
|
| 500 |
|
|
|a Obsahuje profesijné údaje o autorovi na záložke
|
| 504 |
|
|
|a Obsahuje bibliografiu na strane [365]-398 ; register
|
| 648 |
|
7 |
|a 19.-20. storočie
|2 SNKPH
|9 279491
|
| 650 |
0 |
7 |
|a ekonomické podmienky
|2 SNKPH
|9 71655
|
| 650 |
0 |
7 |
|a Economic conditions
|2 SNKPHeng
|9 265817
|
| 650 |
0 |
7 |
|a ekonomický rozvoj
|2 SNKPH
|9 49952
|
| 650 |
0 |
7 |
|a Economic development
|2 SNKPHeng
|9 265578
|
| 650 |
0 |
7 |
|a hospodárske dejiny
|2 SNKPH
|9 2284
|
| 650 |
0 |
7 |
|a Economic history
|2 SNKPHeng
|9 275625
|
| 651 |
|
7 |
|a Európa stredná
|2 SNKPHgeo
|9 23970
|
| 651 |
|
7 |
|a Europe, Central
|2 SNKPHeng
|9 98219
|
| 651 |
|
7 |
|a Európa východná
|2 SNKPHgeo
|9 167635
|
| 651 |
|
7 |
|a Europe, Eastern
|2 SNKPHeng
|9 229905
|
| 655 |
|
7 |
|a monografie
|2 SNKPH
|9 70139
|
| 655 |
|
7 |
|a Monographs
|2 SNKPHeng
|9 120675
|
| 700 |
1 |
|
|a Ránki, György,
|d 1930-1988
|4 aut
|9 284454
|
| 852 |
|
|
|a Slovenská národná knižnica
|
| 919 |
|
|
|a 0-231-03013-4
|
| 958 |
|
|
|a ZS
|
| 958 |
|
|
|a NB
|
| 958 |
|
|
|a OND
|
| 999 |
|
|
|c 607992
|d 609922
|
| 952 |
|
|
|a SNK
|b SNK
|y PREZ
|7 0
|p 17A1418511
|o snkSC 189237
|i snk2020/11440
|8 2
|g 15.17
|0 0
|1 0
|4 0
|d 2020-06-09
|f 1
|l 0
|r 2025-10-06 00:00:00
|w 2026-02-23
|